Operations management : (Record no. 3493)

000 -LEADER
fixed length control field 00910nam a2200301 a 4500
006 - FIXED-LENGTH DATA ELEMENTS--ADDITIONAL MATERIAL CHARACTERISTICS--GENERAL INFORMATION
fixed length control field a||||gr|||| 001 0
007 - PHYSICAL DESCRIPTION FIXED FIELD--GENERAL INFORMATION
fixed length control field ta
008 - FIXED-LENGTH DATA ELEMENTS--GENERAL INFORMATION
fixed length control field 251111r20252019xx a|||gr|||| 0|1 ||eng|d
020 ## - INTERNATIONAL STANDARD BOOK NUMBER
International Standard Book Number 9789353066475
Terms of availability Rs. 1060.00
040 ## - CATALOGING SOURCE
Original cataloging agency IMU Kochi Library
Language of cataloging eng
041 0# - LANGUAGE CODE
Language code of text/sound track or separate title eng
044 ## - COUNTRY OF PUBLISHING/PRODUCING ENTITY CODE
MARC country code India
082 04 - DEWEY DECIMAL CLASSIFICATION NUMBER
Classification number 658.5
Item number K857
Edition number 23
100 1# - MAIN ENTRY--PERSONAL NAME
Personal name krajewski, Lee J.
245 10 - TITLE STATEMENT
Title Operations management :
Sub Title processes and supply chains /
250 ## - EDITION STATEMENT
Edition statement 12th ed.
260 ## - PUBLICATION, DISTRIBUTION, ETC. (IMPRINT)
Place of publication, distribution, etc Noida :
Name of publisher, distributor, etc Pearson India Education Services Pvt. Ltd.,
Date of publication, distribution, etc 2019, reprinted 2025
300 ## - PHYSICAL DESCRIPTION
Extent xxv, 734 p. :
Other physical details ill. ;
Dimensions 25 cm.
500 ## - GENERAL NOTE
General note Includes index.
504 ## - BIBLIOGRAPHY, ETC. NOTE
Bibliography, etc Includes bibliographical references.
650 #0 - SUBJECT ADDED ENTRY--TOPICAL TERM
Topical term or geographic name as entry element Operations management
Form subdivision Textbooks
700 1# - ADDED ENTRY--PERSONAL NAME
Personal name Malhotra, Manoj K.
Relator term Joint Author
700 1# - ADDED ENTRY--PERSONAL NAME
Personal name Ritzman, Larry P.
Relator term Joint Author
700 1# - ADDED ENTRY--PERSONAL NAME
Personal name Srivastava, Samir K.
Relator term Joint Author
852 ## - LOCATION/CALL NUMBER
Location IMU Kochi Library
904 ## - LOCAL DATA ELEMENT D, LDD (RLIN)
CATALOGER Akhil Bose
942 ## - ADDED ENTRY ELEMENTS (KOHA)
Item type Books
Holdings
Withdrawn status Lost status Source of classification or shelving scheme Damaged status Not for loan Collection code Permanent location Current location Shelving location Date acquired Source of acquisition Cost, normal purchase price Full call number Barcode Date last seen Koha item type
          Management Studies IMU Kochi Library IMU Kochi Library General Stacks 2025-11-11 M/s The Book Shop (Inv. no. 0255 dated 28.10.2025) 1060.00 658.5 K857 BK007468 2025-11-26 Books
          Management Studies IMU Kochi Library IMU Kochi Library General Stacks 2025-11-11 M/s The Book Shop (Inv. no. 0255 dated 28.10.2025) 1060.00 658.5 K857 BK007469 2025-11-26 Books
          Management Studies IMU Kochi Library IMU Kochi Library General Stacks 2025-11-11 M/s The Book Shop (Inv. no. 0255 dated 28.10.2025) 1060.00 658.5 K857 BK007470 2025-11-26 Books
          Management Studies IMU Kochi Library IMU Kochi Library General Stacks 2025-11-11 M/s The Book Shop (Inv. no. 0255 dated 28.10.2025) 1060.00 658.5 K857 BK007471 2025-11-26 Books
          Management Studies IMU Kochi Library IMU Kochi Library General Stacks 2025-11-11 M/s The Book Shop (Inv. no. 0255 dated 28.10.2025) 1060.00 658.5 K857 BK007472 2025-11-26 Books
          Management Studies IMU Kochi Library IMU Kochi Library General Stacks 2025-11-11 M/s The Book Shop (Inv. no. 0255 dated 28.10.2025) 1060.00 658.5 K857 BK007473 2025-11-26 Books
          Management Studies IMU Kochi Library IMU Kochi Library General Stacks 2025-11-11 M/s The Book Shop (Inv. no. 0255 dated 28.10.2025) 1060.00 658.5 K857 BK007474 2025-11-26 Books
          Management Studies IMU Kochi Library IMU Kochi Library General Stacks 2025-11-11 M/s The Book Shop (Inv. no. 0255 dated 28.10.2025) 1060.00 658.5 K857 BK007475 2025-11-26 Books


Copyright © All Rights Reserved by Indian Maritime University, Kochi Campus.
For any Suggestions/Query Contact to library or Email: library.kochi@imu.ac.in Ph:(0484)-2989402
(Web OPAC Designed by Rudra Ranjan. Maintained by IMU Kochi Library)

Powered by Koha